Logic and algebra
Αποθηκεύτηκε σε:
| Άλλοι συγγραφείς: | |
|---|---|
| Μορφή: | Βιβλίο |
| Γλώσσα: | English |
| Δημοσίευση: |
Providence R.I. :
American Mathematical Society,
c2002
|
| Σειρά: | Contemporary mathematics (American Mathematical Society) ;
; 302 |
| Θέματα: | |
| Ετικέτες: |
Προσθήκη ετικέτας
Δεν υπάρχουν, Καταχωρήστε ετικέτα πρώτοι!
|
MARC
| LEADER | 00000nam a2200000 i 4500 | ||
|---|---|---|---|
| 001 | 1/64792 | ||
| 008 | 041103s2002 eng d | ||
| 020 | |a 082182984X | ||
| 035 | |l 10075076 | ||
| 040 | |a GR-MY-UA |b gre |e aacr | ||
| 041 | 0 | |a eng | |
| 082 | 0 | |a 511.3 | |
| 245 | 1 | 0 | |a Logic and algebra / |c edited by Yi Zhang with a preface by Oleg Belegradek |
| 260 | |a Providence R.I. : |b American Mathematical Society, |c c2002 | ||
| 300 | |a viii, 285 σ.; |b εικ.; |c 26 εκ. | ||
| 490 | 1 | |a Contemporary mathematics |v ; 302 | |
| 504 | |a Περιέχει βιβλιογραφικές αναφορές | ||
| 650 | 0 | 0 | |a Model theory. |
| 650 | 0 | 0 | |a Algebra. |
| 650 | 0 | 0 | |a Set theory. |
| 700 | 1 | |a Zhang, Yi |d 1964- |4 edt | |
| 830 | 0 | |a Contemporary mathematics (American Mathematical Society) ; |v ; 302 | |
| 852 | |a INST |b SAMOS |e 20041103 |h 511.3 LOG |p 005300022867 |q 005300022867 |t BK |y 0 | ||
| 901 | |a BIBL3-2004-3 | ||
| 909 | |a Σ |b 115108 | ||
| 922 | |a 3ΕΛΗ |b 200406 |c ΕΠΕΑΕΚ2/ΤΜΗΜΑ ΜΑΘΗΜΑΤΙΚΩΝ |d ΜΙΧΑΛΟΠΟΥΛΟΣ | ||
| 970 | |a ΠΟΥΡΝΑΡΑΣ |b ΔΗΜΗΤΡΗΣ |z 2004/11/03 | ||